| 000 | 00512nam a2200169Ia 4500 | ||
|---|---|---|---|
| 020 | _a(hb) | ||
| 082 |
_a959.915 _bBAK _cL-28, P-95 |
||
| 100 |
_aMir Khuda Bakhsh _946434 |
||
| 245 | _aSearchlights on Baloches and Balochistan | ||
| 260 |
_aKarachi: _bRoyal Book Company, _c1974 |
||
| 300 | _a387p. :ill. | ||
| 526 |
_a0 _b0 _c0 _d959_915000000000000_BAK |
||
| 650 |
_aBaluchi (Pakistani People) -- History _946435 |
||
| 650 |
_aBaluchistan (Pakistan) -- History _946436 |
||
| 650 |
_aMCE _9379 |
||
| 942 |
_2ddc _cBK |
||
| 999 |
_c549773 _d549773 |
||